[Event "Moscow op-B"]
[Site "Moscow"]
[Date "2009.02.05"]
[Round "6"]
[White "Magdalinskaya, Evgenia"]
[Black "Matsokina, Evgenia"]
[Result "1/2-1/2"]
[WhiteElo "1800"]
[BlackElo "2036"]
[PlyCount "85"]
[EventDate "2009.01.31"]
[EventType "swiss"]
[EventRounds "9"]
[EventCountry "RUS"]
[SourceTitle "EXT 2012"]
[Source "ChessBase"]
[SourceDate "2011.11.24"]
[SourceVersion "1"]
[SourceVersionDate "2011.11.24"]
[SourceQuality "1"]

1. Nf3 Nc6 2. b3 e5 3. d3 Bb4+ 4. Nbd2 Bc3 5. Rb1 Nf6 6. e4 0-0 7. Be2 d5 8. exd5 Nxd5 9. 0-0 Ba5 10. Bb2 Nc3 11. Bxc3 Bxc3 12. Ne4 Bb4 13. c3 Be7 14. Qc2 Bf5 15. Rbd1 Qd5 16. Nfd2 Rad8 17. f4 b5 18. fxe5 Qxe5 19. d4 Qd5 20. Nf6+ Bxf6 21. Rxf5 Qe6 22. Qe4 Qxe4 23. Nxe4 Bxd4+ 24. cxd4 Nxd4 25. Rxd4 Rxd4 26. Nc3 a6 27. Rd5 Rf4 28. g3 Rf6 29. Rc5 c6 30. Re5 Rd6 31. Ne4 Rd4 32. Nc5 Rd2 33. a4 Rb2 34. Nxa6 f6 35. Re7 Rd8 36. axb5 cxb5 37. Nc5 Rdd2 38. Kf1 Rb1+ 39. Kf2 Kf8 40. Re3 g5 41. Re6 Kf7 42. Rxf6+ Kxf6 43. Ne4+ 1/2-1/2

[Event "Moscow op-B"]
[Site "Moscow"]
[Date "2009.02.03"]
[Round "4"]
[White "Magdalinskaya, Evgenia"]
[Black "Sinelnikov, Igor"]
[Result "0-1"]
[WhiteElo "1800"]
[BlackElo "2158"]
[PlyCount "92"]
[EventDate "2009.01.31"]
[EventType "swiss"]
[EventRounds "9"]
[EventCountry "RUS"]
[SourceTitle "EXT 2012"]
[Source "ChessBase"]
[SourceDate "2011.11.24"]
[SourceVersion "1"]
[SourceVersionDate "2011.11.24"]
[SourceQuality "1"]

1. Nf3 g6 2. e4 Bg7 3. d4 d6 4. h3 Nf6 5. Bd3 0-0 6. 0-0 Nc6 7. c3 e5 8. d5 Ne7 9. Be3 Nh5 10. Qc1 f5 11. Bh6 fxe4 12. Bxe4 Nf6 13. Bc2 Nfxd5 14. Bxg7 Kxg7 15. Nbd2 Nf4 16. Kh2 h6 17. Qe1 g5 18. Rd1 Neg6 19. Nc4 Qf6 20. Ne3 Nxg2 21. Nxg2 Qxf3 22. Rd3 Qf6 23. Rg3 d5 24. Bxg6 Kxg6 25. Qd2 Be6 26. h4 g4 27. f4 h5 28. f5+ Bxf5 29. Qxd5 Rad8 30. Qxb7 Rd2 31. Kg1 Qb6+ 32. Qxb6+ cxb6 33. Ne3 Rxb2 34. Nd5 Rf7 35. Re3 Be6 36. Rxf7 Bxf7 37. Rxe5 Bxd5 38. Rxd5 Rxa2 39. Rg5+ Kh6 40. Rd5 Rb2 41. Rd6+ Kg7 42. Rd7+ Kf6 43. Rxa7 Kf5 44. Rh7 g3 45. Rxh5+ Kg4 46. Rh6 Kh3 0-1

[Event "Moscow op"]
[Site "Moscow"]
[Date "2008.05.08"]
[Round "9"]
[White "Grinenko, Viktor"]
[Black "Magdalinskaya, Evgenia"]
[Result "1-0"]
[WhiteElo "1988"]
[BlackElo "1801"]
[PlyCount "57"]
[EventDate "2008.04.30"]
[EventType "swiss"]
[EventRounds "9"]
[EventCountry "RUS"]
[SourceTitle "CBM 124 Extra"]
[Source "ChessBase"]
[SourceDate "2008.07.03"]
[SourceVersion "1"]
[SourceVersionDate "2008.07.03"]
[SourceQuality "1"]

1. d4 d5 2. c4 c6 3. Nc3 e6 4. Nf3 Nd7 5. e4 dxe4 6. Nxe4 Ngf6 7. Nxf6+ Nxf6 8. Bd3 Bd6 9. 0-0 0-0 10. Bg5 Re8 11. Re1 c5 12. dxc5 Bxc5 13. Qc2 h6 14. Bh4 b6 15. Rad1 Qe7 16. Ne5 Bb7 17. Bh7+ Kh8 18. Bg6 Red8 19. Bxf7 Be4 20. Rxd8+ Qxd8 21. Rxe4 g5 22. Bxe6 Qe8 23. Ng4 Nxe4 24. Qxe4 Qd8 25. Qe5+ Kh7 26. Bf5+ Kg8 27. Nxh6+ Kf8 28. Qh8+ Ke7 29. Bxg5+ 1-0

[Event "Moscow Petrosian Memorial U18"]
[Site "Moscow"]
[Date "2008.01.??"]
[Round "6"]
[White "Magdalinskaya, Evgenia"]
[Black "Voronkov, Denis"]
[Result "0-1"]
[WhiteElo "1824"]
[BlackElo "1996"]
[PlyCount "102"]
[EventDate "2008.01.??"]
[EventType "swiss"]
[EventRounds "9"]
[EventCountry "RUS"]
[SourceTitle "CBM 122 Extra"]
[Source "ChessBase"]
[SourceDate "2008.03.04"]
[SourceVersion "1"]
[SourceVersionDate "2008.03.04"]
[SourceQuality "1"]

1. b3 d5 2. Bb2 Nf6 3. e3 Bf5 4. Nf3 e6 5. Be2 Bd6 6. 0-0 0-0 7. d3 Nbd7 8. c4 c6 9. Nbd2 Rc8 10. Re1 Nc5 11. Qb1 a5 12. Nh4 Bg6 13. Nxg6 fxg6 14. e4 Bf4 15. Qc2 Qb6 16. g3 Bxd2 17. Qxd2 dxe4 18. d4 Ncd7 19. Qe3 Rce8 20. Rad1 Qc7 21. Bc3 Kh8 22. Qg5 b6 23. Bf1 e5 24. dxe5 Nxe5 25. Bxe5 Rxe5 26. Qf4 Qe7 27. Bg2 g5 28. Qd2 Kg8 29. Qd6 Qxd6 30. Rxd6 Rc8 31. Bh3 g4 32. Bg2 Kf7 33. h3 gxh3 34. Bxh3 Rc7 35. Rd4 g5 36. Bg2 Rce7 37. Rd6 R7e6 38. Rd2 Ke7 39. Rde2 Kd6 40. Kf1 g4 41. a3 Kc5 42. Rd2 a4 43. bxa4 Kxc4 44. Rc1+ Kb3 45. Rb1+ Kxa4 46. Rb4+ Ka5 47. Kg1 c5 48. Rbb2 b5 49. Bf1 c4 50. Rdc2 Rc5 51. Rb1 e3 0-1